000 00261nam a2200109Ia 4500
008 220120s9999||||xx |||||||||||||| ||und||
082 _a005.1 GUP
100 _aGupta, Vikas
245 0 _aComdex computer course kit
260 _bNew Delhi
300 _a295p.
_b150
999 _c136371
_d136371